[Event "WchT Seniors 65"]
[Site "Prague"]
[Date "2020.03.06"]
[Round "1.16"]
[White "Goldrick, Thomas G"]
[Black "McKerracher, Douglas"]
[Result "1/2-1/2"]
[WhiteElo "1850"]
[BlackElo "1852"]
[PlyCount "61"]
[EventDate "2020.03.06"]
[EventType "team-swiss"]
[EventRounds "7"]
[EventCountry "CZE"]
[SourceTitle "CBM 195 Extra"]
[Source "ChessBase"]
[SourceDate "2020.05.31"]
[SourceVersion "1"]
[SourceVersionDate "2020.05.31"]
[SourceQuality "1"]
[WhiteTeam "England 65 II"]
[BlackTeam "Scotland 65"]
[WhiteTeamCountry "ENG"]
[BlackTeamCountry "SCO"]

1. d4 f5 2. c4 Nf6 3. Nc3 e6 4. Nf3 d5 5. Bf4 c6 6. e3 Bb4 7. Qb3 Bxc3+ 8. bxc3 0-0 9. Bd3 Ne4 10. 0-0 Nd7 11. Bxe4 fxe4 12. Ne5 Nxe5 13. Bxe5 b6 14. Qa4 Bb7 15. cxd5 exd5 16. c4 a5 17. cxd5 Qxd5 18. Qb3 Qxb3 19. axb3 Rfc8 20. Ra2 c5 21. g4 Bd5 22. Rb1 b5 23. dxc5 Rxc5 24. Bd4 Rcc8 25. Rd2 Be6 26. h3 Rc6 27. b4 a4 28. Bc5 h5 29. gxh5 Bxh3 30. Rd5 Re8 31. Bd4 1/2-1/2

[Event "Wch Seniors 65 28th"]
[Site "Bled"]
[Date "2018.11.20"]
[Round "3"]
[White "Freeke, Kees"]
[Black "McKerracher, Douglas"]
[Result "0-1"]
[WhiteElo "1750"]
[BlackElo "1878"]
[PlyCount "106"]
[EventDate "2018.11.18"]
[EventType "swiss"]
[EventRounds "11"]
[EventCountry "SLO"]
[SourceTitle "CBM 187 Extra"]
[Source "ChessBase"]
[SourceDate "2018.11.04"]
[SourceVersion "1"]
[SourceVersionDate "2018.11.04"]
[SourceQuality "1"]

1. Nf3 f5 2. e4 fxe4 3. Ng5 Nf6 4. d3 e5 5. Nxe4 Nc6 6. Be2 Be7 7. Nxf6+ Bxf6 8. 0-0 0-0 9. c4 d6 10. Nc3 Be6 11. Be3 Qd7 12. Qd2 a6 13. Ne4 Be7 14. Nc3 Nd4 15. f4 Nf5 16. Bg4 Nxe3 17. Bxe6+ Qxe6 18. Qxe3 Qh6 19. Nd5 Bd8 20. fxe5 Bg5 21. Qg3 c6 22. Nc3 Bf4 23. Qh3 Qxh3 24. gxh3 Bxe5 25. Kg2 Rxf1 26. Rxf1 Rf8 27. Ne4 Rxf1 28. Kxf1 Bxh2 29. b3 c5 30. Kf2 Be5 31. Kf3 h6 32. Kg4 Kf7 33. Kf5 g6+ 34. Kg4 Ke6 35. Kf3 Kf5 36. Nf2 h5 37. Ne4 Bf4 38. Nf2 Ke5 39. Ke2 Bh2 40. Ne4 Kd4 41. Kd2 Bf4+ 42. Ke2 d5 43. cxd5 Kxd5 44. Kd1 Be3 45. a4 Ke5 46. Ke2 Bg1 47. Kf3 b6 48. Ke2 Kf4 49. Nd6 Kg3 50. Ne4+ Kxh3 51. Kf3 Bd4 52. Kf4 Kh4 53. Ng5 Be3+ 0-1

[Event "London Classic op"]
[Site "London"]
[Date "2017.12.07"]
[Round "7"]
[White "McKerracher, Douglas"]
[Black "De Abreu, Roberto N"]
[Result "1-0"]
[WhiteElo "1915"]
[BlackElo "2110"]
[PlyCount "71"]
[EventDate "2017.12.02"]
[EventType "swiss"]
[EventRounds "9"]
[EventCountry "ENG"]
[SourceTitle "CBM 182 Extra"]
[Source "ChessBase"]
[SourceDate "2018.02.23"]
[SourceVersion "1"]
[SourceVersionDate "2018.02.23"]
[SourceQuality "1"]

1. e4 e6 2. d3 d5 3. Nd2 Nf6 4. Ngf3 Nc6 5. e5 Nd7 6. d4 f6 7. Bb5 fxe5 8. dxe5 Be7 9. 0-0 0-0 10. Re1 Bc5 11. Bxc6 bxc6 12. Nb3 Bb6 13. Bg5 Qe8 14. Bh4 Nc5 15. Nxc5 Bxc5 16. Qd3 Rb8 17. Rab1 Qh5 18. Bg3 Rb6 19. a3 Ba6 20. Qc3 Be7 21. b4 Rfb8 22. Rbd1 c5 23. bxc5 Rc6 24. Rb1 Rxb1 25. Rxb1 Rxc5 26. Rb8+ Kf7 27. Qd2 Rc4 28. h3 Ra4 29. Nd4 g5 30. Qc3 Qd1+ 31. Kh2 Qxd4 32. Qc6 Qc5 33. Qxa4 Bf1 34. Qe8+ Kg7 35. Qg8+ Kh6 36. Qxe6+ 1-0

[Event "SCO-ch 124th"]
[Site "Dundee"]
[Date "2017.07.18"]
[Round "4"]
[White "McKerracher, Douglas"]
[Black "Constance, Tom"]
[Result "1-0"]
[WhiteElo "1930"]
[BlackElo "1639"]
[PlyCount "37"]
[EventDate "2017.07.15"]
[EventType "swiss"]
[EventRounds "9"]
[EventCountry "SCO"]
[SourceTitle "CBM 179 Extra"]
[Source "ChessBase"]
[SourceDate "2017.08.23"]
[SourceVersion "1"]
[SourceVersionDate "2017.08.23"]
[SourceQuality "1"]

1. e4 c6 2. d3 d5 3. Nd2 dxe4 4. dxe4 Nf6 5. Ngf3 Bg4 6. Bd3 e6 7. 0-0 Be7 8. h3 Bh5 9. Re1 Nbd7 10. Qe2 Nc5 11. Bc4 Bg6 12. a3 Nfxe4 13. Nxe4 Nxe4 14. Bf4 Nf6 15. Rad1 Nd5 16. Bxd5 cxd5 17. c4 Rc8 18. cxd5 exd5 19. Rxd5 1-0

[Event "London Classic op 8th"]
[Site "London"]
[Date "2016.12.15"]
[Round "8"]
[White "Mitra, Roman"]
[Black "McKerracher, Douglas"]
[Result "1-0"]
[WhiteElo "2083"]
[BlackElo "1962"]
[PlyCount "53"]
[EventDate "2016.12.09"]
[EventType "swiss"]
[EventRounds "9"]
[EventCountry "ENG"]
[SourceTitle "CBM 176 Extra"]
[Source "ChessBase"]
[SourceDate "2017.03.02"]
[SourceVersion "1"]
[SourceVersionDate "2017.03.02"]
[SourceQuality "1"]

1. e4 d5 2. exd5 Qxd5 3. Nc3 Qa5 4. d4 Nf6 5. Nf3 Bf5 6. Bc4 e6 7. 0-0 c6 8. Qe2 Be7 9. h3 Nbd7 10. a3 0-0 11. Ne5 Nxe5 12. dxe5 Nd7 13. f4 h6 14. Kh1 Rad8 15. Be3 Qc7 16. a4 b6 17. Bg1 a5 18. Bh2 Bh7 19. g4 Nc5 20. f5 Qc8 21. f6 gxf6 22. exf6 Bd6 23. Qd2 Kh8 24. Bxd6 Rg8 25. Qf4 Nxa4 26. Nxa4 b5 27. Bd3 1-0

[Event "London Classic op 8th"]
[Site "London"]
[Date "2016.12.09"]
[Round "1"]
[White "Zujev, Oleg"]
[Black "McKerracher, Douglas"]
[Result "1-0"]
[WhiteElo "2340"]
[BlackElo "1962"]
[PlyCount "71"]
[EventDate "2016.12.09"]
[EventType "swiss"]
[EventRounds "9"]
[EventCountry "ENG"]
[SourceTitle "CBM 176 Extra"]
[Source "ChessBase"]
[SourceDate "2017.03.02"]
[SourceVersion "1"]
[SourceVersionDate "2017.03.02"]
[SourceQuality "1"]

1. d4 f5 2. Nc3 Nf6 3. Bg5 d5 4. f3 c6 5. Qd2 Nbd7 6. e3 e6 7. Nge2 Be7 8. Nf4 Nb6 9. 0-0-0 Nc4 10. Bxc4 dxc4 11. e4 0-0 12. exf5 exf5 13. d5 Bb4 14. Nh5 cxd5 15. Bxf6 gxf6 16. Qh6 Rf7 17. Nxd5 Qf8 18. Ndxf6+ Kh8 19. Qxf8+ Rxf8 20. c3 Be7 21. Nd5 Bg5+ 22. f4 Bd8 23. Rhe1 b5 24. Re5 a5 25. Ng3 Rb8 26. a3 Rb7 27. Nf1 Rb8 28. Nfe3 Rb7 29. g3 Rbf7 30. Rd4 Rb7 31. a4 bxa4 32. Nxc4 Rb8 33. Kc2 Rb7 34. Nd6 Rb8 35. Nxc8 Rxc8 36. Rxa4 1-0

[Event "EU-chT Seniors 65"]
[Site "Chalkidiki"]
[Date "2016.04.19"]
[Round "1.2"]
[White "McKerracher, Douglas"]
[Black "Zhelnin, Vladimir V"]
[Result "0-1"]
[WhiteElo "1954"]
[BlackElo "2459"]
[PlyCount "71"]
[EventDate "2016.04.19"]
[EventType "team-tourn"]
[EventRounds "9"]
[EventCountry "GRE"]
[SourceTitle "CBM 172 Extra"]
[Source "ChessBase"]
[SourceDate "2016.06.21"]
[SourceVersion "1"]
[SourceVersionDate "2016.06.21"]
[SourceQuality "1"]
[WhiteTeam "Scotland II"]
[BlackTeam "Russia"]
[WhiteTeamCountry "SCO"]
[BlackTeamCountry "RUS"]

1. e4 c5 2. Nc3 Nc6 3. g3 g6 4. Bg2 Bg7 5. d3 d6 6. f4 e6 7. Nf3 Nf6 8. 0-0 0-0 9. Nh4 Nd4 10. Ne2 Ne8 11. c3 Nxe2+ 12. Qxe2 f5 13. Be3 Nf6 14. Rad1 Qc7 15. h3 Bd7 16. Rfe1 Bc6 17. exf5 exf5 18. Bxc6 Qxc6 19. Qg2 Qa6 20. a3 Rae8 21. Nf3 Rf7 22. Bc1 Rxe1+ 23. Nxe1 Re7 24. Nf3 Qa4 25. Re1 Rxe1+ 26. Nxe1 c4 27. Qe2 cxd3 28. Qxd3 Qc6 29. Nf3 Ne4 30. Kh2 a6 31. Nd4 Nf2 32. Qf3 Qxf3 33. Nxf3 Nd3 34. Be3 Nxb2 35. Nd4 Nc4 36. Bc1 0-1

[Event "Wakefield 4NCL op-A 8th"]
[Site "Wakefield"]
[Date "2016.04.03"]
[Round "5"]
[White "Bin Suhayl, Ieysaa"]
[Black "McKerracher, Douglas"]
[Result "1-0"]
[WhiteElo "1813"]
[BlackElo "1954"]
[PlyCount "75"]
[EventDate "2016.04.01"]
[EventType "swiss"]
[EventRounds "5"]
[EventCountry "ENG"]
[SourceTitle "CBM 171 Extra"]
[Source "ChessBase"]
[SourceDate "2016.04.26"]
[SourceVersion "1"]
[SourceVersionDate "2016.04.26"]
[SourceQuality "1"]

1. Nf3 f5 2. c4 Nf6 3. g3 e6 4. Bg2 d5 5. d3 Be7 6. 0-0 0-0 7. b3 c6 8. Bb2 Nbd7 9. Nbd2 a5 10. Qc2 Nc5 11. Ne5 Nfd7 12. Nxd7 Bxd7 13. e4 dxe4 14. dxe4 Be8 15. Rad1 Qc7 16. exf5 exf5 17. Nf3 Bh5 18. Rfe1 Ne4 19. Be5 Qc8 20. h3 Bf6 21. Bxf6 Rxf6 22. g4 fxg4 23. hxg4 Bg6 24. Rxe4 Qf8 25. Ne5 Bxe4 26. Bxe4 Rh6 27. Nf3 Qf4 28. g5 Qg4+ 29. Kf1 Rh1+ 30. Ke2 Rxd1 31. Kxd1 Re8 32. Bxh7+ Kh8 33. Qf5 Qh4 34. Bg6 Qh1+ 35. Kc2 Qa1 36. Qh3+ Kg8 37. Qh7+ Kf8 38. Qh8+ 1-0

[Event "Wakefield 4NCL op-A 8th"]
[Site "Wakefield"]
[Date "2016.04.02"]
[Round "2"]
[White "McKerracher, Douglas"]
[Black "Burrows, Martin P"]
[Result "0-1"]
[WhiteElo "1954"]
[BlackElo "2104"]
[PlyCount "76"]
[EventDate "2016.04.01"]
[EventType "swiss"]
[EventRounds "5"]
[EventCountry "ENG"]
[SourceTitle "CBM 171 Extra"]
[Source "ChessBase"]
[SourceDate "2016.04.26"]
[SourceVersion "1"]
[SourceVersionDate "2016.04.26"]
[SourceQuality "1"]

1. e4 c5 2. Nc3 Nc6 3. g3 g6 4. Bg2 Bg7 5. d3 d6 6. f4 e6 7. Nf3 Nge7 8. 0-0 0-0 9. Be3 b6 10. Bf2 Ba6 11. Rb1 Qc7 12. Re1 d5 13. e5 Na5 14. g4 b5 15. Ne2 Rae8 16. Ng3 f5 17. g5 b4 18. h4 Rb8 19. h5 Rfc8 20. Nh4 Bb5 21. Bf3 Be8 22. Rc1 c4 23. d4 Nac6 24. Kg2 a5 25. Rh1 Na7 26. Be1 a4 27. hxg6 hxg6 28. Nf1 a3 29. bxa3 bxa3 30. Bc3 Nec6 31. Qd2 Nb5 32. Be2 Qa7 33. Nf3 Nxc3 34. Qxc3 Rb2 35. Ne3 Nb4 36. Ra1 Nxa2 37. Qe1 Nb4 38. Qh4 Nxc2 0-1

[Event "London Classic op 7th"]
[Site "London"]
[Date "2015.12.10"]
[Round "8"]
[White "McKerracher, Douglas"]
[Black "Ettu, Kore"]
[Result "0-1"]
[WhiteElo "1972"]
[BlackElo "1816"]
[PlyCount "96"]
[EventDate "2015.12.04"]
[EventType "swiss"]
[EventRounds "9"]
[EventCountry "ENG"]
[SourceTitle "CBM 169 Extra"]
[Source "ChessBase"]
[SourceDate "2015.12.18"]
[SourceVersion "1"]
[SourceVersionDate "2015.12.18"]
[SourceQuality "1"]

1. e4 e5 2. Nf3 Nc6 3. Bb5 Nf6 4. 0-0 d6 5. Re1 Be7 6. d4 exd4 7. Nxd4 Bd7 8. Nf5 Bxf5 9. exf5 0-0 10. Nc3 a6 11. Bxc6 bxc6 12. Qf3 d5 13. Bg5 Re8 14. Rad1 Rb8 15. b3 h6 16. Bh4 Rb4 17. Bg3 Bd6 18. Qd3 Qc8 19. a3 Rxe1+ 20. Rxe1 Rb8 21. Bxd6 cxd6 22. h3 Kf8 23. g4 Qb7 24. Qg3 Qc7 25. h4 Re8 26. Rxe8+ Nxe8 27. g5 hxg5 28. hxg5 Qe7 29. Kf1 Qe5 30. Qf3 Nc7 31. a4 Ne8 32. Qh3 Qf4 33. g6 Qc1+ 34. Kg2 Qg5+ 35. Qg3 Qxf5 36. gxf7 Kxf7 37. Ne2 Qe4+ 38. Kf1 Qh1+ 39. Ng1 Qe4 40. Nf3 Qxc2 41. Ng5+ Kg8 42. Qe3 Qd1+ 43. Kg2 Qg4+ 44. Kf1 Nf6 45. f3 Qf5 46. Kg2 c5 47. f4 Ne4 48. Kf1 Nxg5 0-1